Logit and Probit ordered and multinomial models

Na minha lista:
Detalhes bibliográficos
Autor principal: Borooah, Vani K.
Formato: Livro
Idioma:inglês
Publicado em: Thousand Oaks SAGE Publications 2002
Colecção:Quantitative applications in the social sciences no. 07-138
Assuntos:
Tags: Adicionar Tag
Sem tags, seja o primeiro a adicionar uma tag!

MARC

LEADER 00000nam a2200000 4500
001 0160409
005 20240306135251.3
020 |a 978-0-7619-2242-1 
041 0 |a eng 
044 |a US 
245 1 0 |a Logit and Probit  |b ordered and multinomial models  |c Vani K. Borooah 
264 1 |a Thousand Oaks  |b SAGE Publications  |c 2002 
300 |a 97 s. 
490 1 |a Quantitative applications in the social sciences  |v no. 07-138 
830 0 |a Quantitative applications in the social sciences  |v no. 07-138 
610 2 0 |a analýza štatistická 
610 2 0 |a odhad štatistický 
610 2 0 |a simulácia 
610 2 0 |a modely analytické ekonometrické 
610 2 0 |a politika sociálna 
610 2 0 |a metódy štatistické 
610 2 0 |a pravdepodobnosť 
100 1 |a Borooah, Vani K.